00242nam a2200109Ia 4500008004100000100001700041245002000058260001700078650001300095942000700108999001700115190216s9999||||xx |||||||||||||| ||und|| aKesavan Nair 0aTagore Kathakal bK R Brothers aKathakal cBK c23939d23939